Формирование педагогических компетенций средствами английского и русского языка у научно-педагогических работников университета; Язык. Общество. Образование

Dettagli Bibliografici
Parent link:Язык. Общество. Образование.— 2022.— [С. 255-259]
Autore principale: Лидер А. М. Андрей Маркович
Enti autori: Национальный исследовательский Томский политехнический университет Школа базовой инженерной подготовки Отделение иностранных языков, Национальный исследовательский Томский политехнический университет Инженерная школа ядерных технологий Отделение экспериментальной физики, Национальный исследовательский Томский политехнический университет Управление проректора по образовательной деятельности Управление международной образовательной деятельности Центр развития международного партнерства
Altri autori: Слесаренко И. В. Инга Валерьевна, Соловьёв М. А. Михаил Александрович
Riassunto:Заглавие с экрана
Развитие профессиональной педагогической компетенции у научно-педагогических работников университета является одним из приоритетов в целеполагании системы повышения квалификации ТПУ. Предлагается актуализировать данное направление подготовки в целях развития профессиональной педагогической компетенции в университете.
Lingua:russo
Pubblicazione: 2022
Serie:Традиции и инновации в методике обучения иностранным языкам
Soggetti:
Accesso online:http://earchive.tpu.ru/handle/11683/74260
Natura: Elettronico Capitolo di libro
KOHA link:https://koha.lib.tpu.ru/cgi-bin/koha/opac-detail.pl?biblionumber=635286

MARC

LEADER 00000naa2a2200000 4500
001 635286
005 20250712062933.0
035 |a (RuTPU)RU\TPU\conf\37132 
035 |a RU\TPU\conf\37131 
090 |a 635286 
100 |a 20221220d2022 k y0rusy50 ca 
101 0 |a rus 
102 |a RU 
105 |a y z 101zy 
135 |a drgn ---uucaa 
181 0 |a i  
182 0 |a b 
200 1 |a Формирование педагогических компетенций средствами английского и русского языка у научно-педагогических работников университета  |f А. М. Лидер, И. В. Слесаренко, М. А. Соловьёв 
203 |a Текст  |c электронный 
225 1 |a Традиции и инновации в методике обучения иностранным языкам 
300 |a Заглавие с экрана 
320 |a [Библиогр.: с. 258-259 (8 назв.)] 
330 |a Развитие профессиональной педагогической компетенции у научно-педагогических работников университета является одним из приоритетов в целеполагании системы повышения квалификации ТПУ. Предлагается актуализировать данное направление подготовки в целях развития профессиональной педагогической компетенции в университете. 
463 0 |0 (RuTPU)RU\TPU\conf\37057  |t Язык. Общество. Образование  |o сборник научных трудов III Международной научно-практической конференции "Лингвистические и культурологические аспекты современного инженерного образования", Томск, 10-12 ноября 2022 г.  |f Национальный исследовательский Томский политехнический университет (ТПУ); гл. ред. Ю. В. Кобенко  |v [С. 255-259]  |d 2022 
610 1 |a электронный ресурс 
610 1 |a труды учёных ТПУ 
610 1 |a экспорт образования 
610 1 |a профессиональная компетентность 
610 1 |a педагогическая компетентность 
610 1 |a английский язык 
610 1 |a русский язык 
610 1 |a повышение квалификации 
610 1 |a научно-педагогические работники 
610 1 |a качество образования 
700 1 |a Лидер  |b А. М.  |c физик  |c профессор Томского политехнического университета, доктор технических наук  |f 1976-2025  |g Андрей Маркович  |y Томск  |3 (RuTPU)RU\TPU\pers\25616  |9 11545 
701 1 |a Слесаренко  |b И. В.  |c лингвист  |c заведующий кафедрой, главный эксперт Томского политехнического университета, кандидат педагогических наук  |f 1975-  |g Инга Валерьевна  |3 (RuTPU)RU\TPU\pers\24484  |9 10807 
701 1 |a Соловьёв  |b М. А.  |c специалист в области электроэнергетики, организации высшего профессионального образования  |c доцент Томского политехнического университета, кандидат технических наук  |f 1972-  |g Михаил Александрович  |3 (RuTPU)RU\TPU\pers\25186  |9 11266 
712 0 2 |a Национальный исследовательский Томский политехнический университет  |b Школа базовой инженерной подготовки  |b Отделение иностранных языков  |3 (RuTPU)RU\TPU\col\23510  |9 28326 
712 0 2 |a Национальный исследовательский Томский политехнический университет  |b Инженерная школа ядерных технологий  |b Отделение экспериментальной физики  |3 (RuTPU)RU\TPU\col\23549 
712 0 2 |a Национальный исследовательский Томский политехнический университет  |b Управление проректора по образовательной деятельности  |b Управление международной образовательной деятельности  |b Центр развития международного партнерства  |3 (RuTPU)RU\TPU\col\21812 
801 2 |a RU  |b 63413507  |c 20221226  |g RCR 
856 4 |u http://earchive.tpu.ru/handle/11683/74260 
942 |c BK